Human resource management : a strategic approach to employment

Αποθηκεύτηκε σε:
Λεπτομέρειες βιβλιογραφικής εγγραφής
Κύριος συγγραφέας: Hendry, Chris 1947-
Μορφή: Βιβλίο
Γλώσσα:English
Δημοσίευση: Oxford : Butterworth Heinemann, 1995
Σειρά:B H contemporary business series
Θέματα:
Ετικέτες: Προσθήκη ετικέτας
Δεν υπάρχουν, Καταχωρήστε ετικέτα πρώτοι!

MARC

LEADER 00000nam a2200000 i 4500
001 1/55867
008 980427s1995 eng d
020 |a 075060994X 
035 |l 10027924 
040 |a GR-MY-UA  |b gre  |e aacr 
041 0 |a eng 
082 0 |a 658.3 
100 1 |a Hendry, Chris  |d 1947- 
245 1 0 |a Human resource management :  |b a strategic approach to employment /  |c Chris Hendry 
260 |a Oxford :   |b Butterworth Heinemann,   |c 1995 
300 |a xiv, 485 p. 
490 1 |a Contemporary business series 
504 |a Includes index 
650 0 0 |a Personnel management. 
830 0 |a B H contemporary business series 
852 |a INST  |b CHIOS  |e 19980427  |h 658.3 HEN  |p 005200016619  |q 005200016619  |t BK  |y 0 
901 |a BIBL-1998-1 
909 |a Χ  |b 054431 
922 |a 2ΕΛΗ  |b 199803  |c ΤΔΕ  |d ΠΑΠΑΣΩΤΗΡΙΟΥ